| Tag |
First Indicator |
Second Indicator |
Subfields |
| LEADER |
00000cam a22000001a 4500 |
| 001 |
in00004152921 |
| 005 |
20200117100408.0 |
| 006 |
m d f |
| 007 |
cr bn mmmapmmp |
| 008 |
150706s2009 mdu o f000 0 eng d |
| 035 |
|
|
|a chdc20150448
|
| 040 |
|
|
|a UMI
|c UMI
|d UtOrBLW
|
| 043 |
|
|
|a n-us---
|
| 086 |
0 |
|
|a Y 4.P 96/10:S.HRG.111-1187
|
| 110 |
1 |
|
|a United States.
|b Congress.
|b Senate.
|b Committee on Environment and Public Works.
|0 http://id.loc.gov/authorities/names/n82138249
|
| 245 |
1 |
0 |
|a Oversight of the GSA and Energy Efficiency in Public Buildings.
|
| 264 |
|
1 |
|a Bethesda, Md. :
|b ProQuest,
|c 2009.
|
| 300 |
|
|
|a 365 pages, digital, PDF file.
|
| 336 |
|
|
|a text
|b txt
|2 rdacontent
|
| 337 |
|
|
|a computer
|b c
|2 rdamedia
|
| 338 |
|
|
|a online resource
|b cr
|2 rdacarrier
|
| 500 |
|
|
|a Record is based on bibliographic data in ProQuest U.S. Congressional Hearings Digital Collection. Reuse except for individual research requires license from ProQuest, LLC.
|
| 500 |
|
|
|a Electronic resource.
|
| 533 |
|
|
|a Electronic reproduction.
|b [Bethesda, Md.] :
|c ProQuest,
|d 2015.
|e digital, PDF file.
|n ProQuest Congressional Hearings Digital Collection.
|n Mode of access: World Wide Web via ProQuest website.
|
| 538 |
|
|
|a System requirements: PDF reader software.
|
| 610 |
1 |
0 |
|a United States.
|b General Services Administration.
|0 http://id.loc.gov/authorities/names/n79034818
|
| 650 |
|
0 |
|a Energy conservation
|x Government policy
|z United States.
|0 http://id.loc.gov/authorities/subjects/sh2009124912
|
| 650 |
|
0 |
|a Public buildings
|x Energy conservation
|z United States.
|
| 776 |
0 |
8 |
|i Microfiche version:
|a United States. Congress. Senate. Committee on Environment and Public Works.
|t Oversight of the GSA and Energy Efficiency in Public Buildings
|o CIS 2015 S321-29
|w cis20151418
|
| 856 |
4 |
0 |
|u http://proxy.library.tamu.edu/login?url=http://search.proquest.com/congcomp/getdoc?HEARING-ID=HRG-2009-PWO-0008
|y Electronic resource (PDF)
|z CIS 2015-S321-29
|t 0
|
| 998 |
|
|
|a cis20151418
|
| 999 |
f |
f |
|s e8732c52-097a-38f7-8487-f5da34a9184f
|i 39ef73de-7333-3cad-b591-6f1d2066e98c
|t 0
|
| 952 |
f |
f |
|a Texas A&M University
|b College Station
|c Electronic Resources
|d Available Online
|t 0
|e Y 4.P 96/10:S.HRG.111-1187
|h Superintendent of Documents classification
|
| 998 |
f |
f |
|a Y 4.P 96/10:S.HRG.111-1187
|t 0
|l Available Online
|